[Event "45th Olympiad 2024"]
[Site "Budapest HUN"]
[Date "2024.09.11"]
[Round "1.18"]
[Board "4"]
[White "Vaz, Jose Carlos"]
[Black "Parligras, Mircea-Emilian"]
[Result "0-1"]
[BlackTitle "GM"]
[WhiteElo "1909"]
[BlackElo "2537"]
[WhiteTeam "Cape Verde"]
[BlackTeam "Romania"]
[WhiteFideId "23601710"]
[BlackFideId "1204297"]
[EventDate "2024.09.11"]

1. e4 c5 2. Nf3 d6 3. Bb5+ Nd7 4. d4 cxd4 5. Nxd4 Nf6 6. Nc3 a6 7. Bxd7+ Bxd7 8.
O-O e6 9. Kh1 b5 10. a3 Be7 11. Bg5 O-O 12. f4 h6 13. Bh4 Nxe4 14. Bxe7 Nxc3 15.
Bxd8 Nxd1 16. Raxd1 Rfxd8 17. Rd2 Kf8 18. Re1 Rac8 19. Kg1 Bc6 20. Kf2 Bb7 21.
g4 g5 22. fxg5 hxg5 23. Kg3 Rd7 24. Rf2 Kg7 25. c3 Rc5 26. Re3 Re5 27. Rfe2 Kf6
28. Rf2+ Ke7 29. Rfe2 f6 30. h3 Rc7 31. h4 gxh4+ 32. Kxh4 Rc8 33. Rh3 Rh8+ 34.
Kg3 Rxh3+ 35. Kxh3 Rxe2 36. Nxe2 Be4 37. Kg3 e5 38. Kf2 Bc2 39. Ng3 Kf7 40. Nf1
Ke6 41. Ne3 Be4 42. Ke2 d5 43. Kf2 d4 44. cxd4 exd4 45. Nf1 Ke5 46. Kg3 a5 47.
Nd2 Bd5 48. b3 b4 49. axb4 axb4 50. Kf2 Kf4 51. Ke2 Be4 0-1

[Event "45th Olympiad 2024"]
[Site "Budapest HUN"]
[Date "2024.09.11"]
[Round "1.19"]
[Board "1"]
[White "Michaelides, Konstantinos"]
[Black "Navara, David"]
[Result "0-1"]
[WhiteTitle "FM"]
[BlackTitle "GM"]
[WhiteElo "2297"]
[BlackElo "2681"]
[WhiteTeam "Cyprus"]
[BlackTeam "Czech Republic"]
[WhiteFideId "5901871"]
[BlackFideId "309095"]
[EventDate "2024.09.11"]

1. d4 d5 2. Nf3 Nf6 3. Bf4 c5 4. e3 Nc6 5. Nbd2 Bg4 6. c3 e6 7. Bb5 cxd4 8. exd4
Bd6 9. Bxd6 Qxd6 10. O-O O-O 11. Re1 Rfe8 12. Qa4 Bxf3 13. Nxf3 a6 14. Bxc6 Qxc6
15. Qxc6 bxc6 16. Ne5 Rec8 17. Nd3 Nd7 18. b4 a5 19. a4 Rc7 20. Ra2 Kf8 21. Kf1
Ke7 22. Ke2 Rca7 23. Rea1 g5 24. h3 f6 25. Kd2 e5 26. b5 cxb5 27. axb5 Kd6 28.
Nb4 a4 29. Nc6 Rb7 30. Rxa4 Rxa4 31. Rxa4 Rxb5 32. Ra6 Rb6 33. Nb4 Rxa6 34. Nxa6
h5 35. Nb4 h4 36. Ke3 Nb6 37. f3 Ke6 38. Nc2 Nc8 39. Nb4 Ne7 40. Nc2 Ng6 41. Kf2
Nf4 42. Ne3 Nd3+ 43. Ke2 Nb2 44. Kd2 exd4 45. cxd4 Nc4+ 46. Kd3 Nxe3 47. Kxe3
Kf5 48. Ke2 Kf4 49. Kf2 f5 50. Ke2 Kg3 51. Kf1 g4 52. fxg4 fxg4 53. hxg4 Kxg4
54. Kg1 Kf4 55. Kh2 Ke4 56. Kh3 Kxd4 57. Kxh4 Ke3 58. g4 d4 59. g5 d3 60. g6 d2 0-1

[Event "45th Olympiad 2024"]
[Site "Budapest HUN"]
[Date "2024.09.11"]
[Round "1.19"]
[Board "2"]
[White "Zilka, Stepan"]
[Black "Antoniou, Rafail"]
[Result "1-0"]
[WhiteTitle "GM"]
[BlackTitle "CM"]
[WhiteElo "2574"]
[BlackElo "2007"]
[WhiteTeam "Czech Republic"]
[BlackTeam "Cyprus"]
[WhiteFideId "315303"]
[BlackFideId "5904390"]
[EventDate "2024.09.11"]

1. e4 c5 2. Nf3 e6 3. d4 cxd4 4. Nxd4 Nf6 5. Nc3 Nc6 6. Nxc6 bxc6 7. e5 Nd5 8.
Ne4 Qc7 9. f4 Qb6 10. c4 Ne3 11. Qd3 Bb4+ 12. Bd2 Ba6 13. Bxb4 Qxb4+ 14. Kf2
Qxb2+ 15. Be2 Nxc4 16. Rhd1 Qb6+ 17. Qd4 Nb2 18. Bxa6 Nxd1+ 19. Rxd1 Qxd4+ 20.
Rxd4 Rb8 21. Be2 Ke7 22. Nc5 Rhd8 23. Ra4 Ra8 24. Ba6 Rab8 25. Bd3 Ra8 26. Ke3
h6 27. g4 f6 28. h4 fxe5 29. fxe5 Rf8 30. Rd4 Rad8 31. h5 Rf7 32. Rb4 Kf8 33.
Rb7 Re7 34. Rb1 Kg8 35. Bg6 Kf8 36. Ne4 a5 37. Nd6 Ra8 38. a4 1-0

[Event "45th Olympiad 2024"]
[Site "Budapest HUN"]
[Date "2024.09.11"]
[Round "1.19"]
[Board "3"]
[White "Savva, Panikos"]
[Black "Krejci, Jan2"]
[Result "0-1"]
[WhiteTitle "CM"]
[BlackTitle "GM"]
[WhiteElo "1973"]
[BlackElo "2556"]
[WhiteTeam "Cyprus"]
[BlackTeam "Czech Republic"]
[WhiteFideId "5900077"]
[BlackFideId "322156"]
[EventDate "2024.09.11"]

1. d4 d5 2. c4 e6 3. Nc3 Bb4 4. Qa4+ Nc6 5. a3 Bxc3+ 6. bxc3 Nf6 7. Bg5 h6 8.
Bxf6 Qxf6 9. e3 O-O 10. Nf3 a6 11. Be2 Bd7 12. Qc2 dxc4 13. Bxc4 e5 14. O-O Rad8
15. Qe4 Rde8 16. Qh4 Qd6 17. Rfd1 e4 18. Ne5 Nxe5 19. dxe5 Qxe5 20. Rac1 Bc6 21.
Bb3 Qb5 22. Bc2 Qc5 23. a4 Qxc3 0-1

[Event "45th Olympiad 2024"]
[Site "Budapest HUN"]
[Date "2024.09.11"]
[Round "1.19"]
[Board "4"]
[White "Vykouk, Jan"]
[Black "Kefalas, Loukas"]
[Result "1-0"]
[WhiteTitle "IM"]
[WhiteElo "2483"]
[BlackElo "1912"]
[WhiteTeam "Czech Republic"]
[BlackTeam "Cyprus"]
[WhiteFideId "349658"]
[BlackFideId "5901120"]
[EventDate "2024.09.11"]

1. c4 e5 2. Nc3 Nf6 3. Nf3 Nc6 4. g3 d5 5. cxd5 Nxd5 6. Bg2 Nb6 7. O-O Be7 8. b3
O-O 9. Bb2 Bf5 10. d3 Qd7 11. Rc1 f6 12. Re1 Nd4 13. Nh4 Bg4 14. Bxb7 Rad8 15.
Bg2 f5 16. Nf3 Bxf3 17. exf3 Bg5 18. Rb1 Bf6 19. b4 Kh8 20. Ne2 Ne6 21. Qb3 Na4
22. Ba1 Nd4 23. Bxd4 exd4 24. Nf4 Nc3 25. Ra1 Rfe8 26. Qc4 Qd6 27. Ne6 Rb8 28.
a3 g6 29. f4 Re7 30. Kf1 h6 31. h4 Kh7 32. Bc6 Rb6 33. b5 a6 34. a4 axb5 35.
axb5 Nxb5 36. Bxb5 Rxe6 37. Rxe6 Qxe6 38. Qxc7+ Bg7 39. Ra7 Qf6 40. Bc4 Rd6 41.
Ra8 h5 42. Rg8 1-0

[Event "45th Olympiad 2024"]
[Site "Budapest HUN"]
[Date "2024.09.11"]
[Round "1.20"]
[Board "1"]
[White "Gorshtein, Ido"]
[Black "Mesfin, Leykun"]
[Result "1-0"]
[WhiteTitle "GM"]
[BlackTitle "FM"]
[WhiteElo "2543"]
[BlackElo "2118"]
[WhiteTeam "Israel"]
[BlackTeam "Ethiopia"]
[WhiteFideId "2815532"]
[BlackFideId "15700097"]
[EventDate "2024.09.11"]

1. d4 Nf6 2. c4 g6 3. Nc3 Bg7 4. e4 d6 5. h3 O-O 6. Be3 c5 7. d5 a6 8. a4 a5 9.
Nf3 Na6 10. Be2 Nb4 11. Qd2 Bd7 12. O-O b6 13. Rad1 Ne8 14. Bh6 f6 15. b3 Rf7
16. Bxg7 Nxg7 17. Nh2 Qf8 18. Bg4 Qc8 19. f4 f5 20. Be2 fxe4 21. Nxe4 Nf5 22.
Nf3 Qf8 23. g4 Nh6 24. Nfg5 Rg7 25. Kh2 Nf7 26. Ne6 Bxe6 27. dxe6 Nd8 28. f5
gxf5 29. gxf5 Ndc6 30. f6 exf6 31. Nxf6+ Kh8 32. Nh5 Qe7 33. Nxg7 Qxg7 34. Qxd6
Re8 35. Rg1 Qf6 36. Rdf1 Qe5+ 37. Qxe5+ Nxe5 38. e7 Ng6 39. Rxg6 hxg6 40. Rf8+ 1-0

[Event "45th Olympiad 2024"]
[Site "Budapest HUN"]
[Date "2024.09.11"]
[Round "1.20"]
[Board "2"]
[White "Birhanu, Tegegn Mehadem"]
[Black "Nabaty, Tamir"]
[Result "0-1"]
[BlackTitle "GM"]
[WhiteElo "2077"]
[BlackElo "2630"]
[WhiteTeam "Ethiopia"]
[BlackTeam "Israel"]
[WhiteFideId "15702170"]
[BlackFideId "2809052"]
[EventDate "2024.09.11"]

1. d4 d5 2. Nf3 e6 3. c4 dxc4 4. Nc3 a6 5. e4 b5 6. a4 b4 7. Ne2 Nc6 8. a5 b3 9.
Nc3 Nb4 10. Bxc4 Nc2+ 11. Ke2 Nxa1 12. Bf4 Nc2 13. Bxb3 Nb4 14. Ne5 Bd6 15. Ba4+
Kf8 16. Qd2 Ne7 17. Rd1 Ng6 18. Nxg6+ hxg6 19. e5 Be7 20. Bg3 Bb7 21. Kf1 c5 22.
Qf4 g5 23. Qg4 Qxa5 24. dxc5 Qxc5 25. Rd7 Bd5 26. h3 Qc4+ 27. Qxc4 Bxc4+ 28. Kg1
Nd5 29. Bc6 Rc8 30. Bxd5 exd5 31. Nxd5 Bxd5 32. Rxd5 Rh6 33. Rd3 Rb6 34. b3 Rcb8
35. Rd7 Rxb3 36. e6 Rd8 37. Bd6 Rb1+ 0-1

[Event "45th Olympiad 2024"]
[Site "Budapest HUN"]
[Date "2024.09.11"]
[Round "1.20"]
[Board "3"]
[White "Smirin, Ilia"]
[Black "Tsige, Addisalem Temesgen"]
[Result "1-0"]
[WhiteTitle "GM"]
[WhiteElo "2575"]
[BlackElo "2068"]
[WhiteTeam "Israel"]
[BlackTeam "Ethiopia"]
[WhiteFideId "2801990"]
[BlackFideId "15700160"]
[EventDate "2024.09.11"]

1. e4 c5 2. Nf3 g6 3. Bc4 Bg7 4. c3 e6 5. d4 cxd4 6. Nxd4 a6 7. O-O Ne7 8. Bg5
O-O 9. Bb3 h6 10. Bh4 b5 11. a4 Bb7 12. Re1 g5 13. Bg3 b4 14. cxb4 d5 15. Nc3
Qb6 16. Nc2 dxe4 17. Nxe4 Rd8 18. Qh5 Nd7 19. Nd6 Rf8 20. Nxf7 Rxf7 21. Rxe6 Nf6
22. Qxf7+ Kxf7 23. Rxb6+ Bd5 24. Bxd5+ Nfxd5 25. Rb7 Kg6 26. Ne3 Bxb2 27. Nxd5
Nxd5 28. Rd1 Rc8 29. h3 Nc3 30. Rd6+ Kh5 31. Rh7 Ne2+ 32. Kh2 g4 33. Rhxh6+ Kg5
34. Rhg6+ Kf5 35. hxg4+ 1-0

[Event "45th Olympiad 2024"]
[Site "Budapest HUN"]
[Date "2024.09.11"]
[Round "1.20"]
[Board "4"]
[White "Kebede, Yoseph Kifle"]
[Black "Postny, Evgeny"]
[Result "0-1"]
[BlackTitle "GM"]
[WhiteElo "2037"]
[BlackElo "2577"]
[WhiteTeam "Ethiopia"]
[BlackTeam "Israel"]
[WhiteFideId "15708063"]
[BlackFideId "2804344"]
[EventDate "2024.09.11"]

1. e4 e5 2. Nc3 Nc6 3. Bc4 Nf6 4. d3 Bb4 5. Ne2 d5 6. exd5 Nxd5 7. Bxd5 Qxd5 8.
O-O Qd7 9. f4 b6 10. Be3 Bb7 11. a3 Be7 12. Qd2 O-O-O 13. Rae1 f5 14. fxe5 Nxe5
15. Bg5 Qc6 16. Nc1 Nc4 17. Qe2 Bxg5 18. dxc4 Rd2 19. Nb5 Qxg2+ 0-1

[Event "45th Olympiad 2024"]
[Site "Budapest HUN"]
[Date "2024.09.11"]
[Round "1.21"]
[Board "1"]
[White "Ferster, Fabian"]
[Black "Nguyen, Ngoc Truong Son"]
[Result "0-1"]
[BlackTitle "GM"]
[WhiteElo "2184"]
[BlackElo "2633"]
[WhiteTeam "Liechtenstein"]
[BlackTeam "Vietnam"]
[WhiteFideId "4695330"]
[BlackFideId "12401110"]
[EventDate "2024.09.11"]

1. c4 e6 2. g3 d5 3. Bg2 Nf6 4. Nf3 d4 5. d3 Nc6 6. O-O Bc5 7. a3 a5 8. e3 O-O
9. exd4 Nxd4 10. Nc3 Nxf3+ 11. Qxf3 e5 12. Bg5 h6 13. Bxf6 Qxf6 14. Qxf6 gxf6
15. Nd5 c6 16. Nxf6+ Kg7 17. Ne4 Bd4 18. Rab1 Rd8 19. Rfe1 Bf5 20. Bf3 Bb6 21.
Rbd1 Rd4 22. Kf1 Rad8 23. Ke2 Be6 24. c5 Bc7 25. g4 a4 26. Rg1 Bb3 27. Rc1 Rxd3
28. Nd6 Bxd6 29. Kxd3 Bxc5+ 30. Ke2 Bd4 31. Rcd1 Rd6 32. Rd2 Rf6 33. Rg2 Bc4+ 0-1

[Event "45th Olympiad 2024"]
[Site "Budapest HUN"]
[Date "2024.09.11"]
[Round "1.21"]
[Board "2"]
[White "Le, Tuan Minh"]
[Black "Heron, Andrew"]
[Result "1-0"]
[WhiteTitle "GM"]
[WhiteElo "2564"]
[BlackElo "2026"]
[WhiteTeam "Vietnam"]
[BlackTeam "Liechtenstein"]
[WhiteFideId "12401153"]
[BlackFideId "12000213"]
[EventDate "2024.09.11"]

1. d4 Nf6 2. c4 g6 3. Nc3 d5 4. cxd5 Nxd5 5. e4 Nxc3 6. bxc3 Bg7 7. Nf3 c5 8.
Bb5+ Nc6 9. O-O O-O 10. Bxc6 bxc6 11. Qc2 Bg4 12. Ne5 Bxe5 13. dxe5 Qc7 14. Bh6
Rfd8 15. f4 Be6 16. Rf3 Bc4 17. h3 Rd7 18. Qf2 Rad8 19. Kh2 Rd2 20. Qxc5 Rxa2
21. Rxa2 Bxa2 22. c4 Bb1 23. Ra3 Ra8 24. e6 fxe6 25. Rb3 Bc2 26. Rb2 Ba4 27. Qa3
Bd1 28. Rd2 Bh5 29. Qc3 1-0

[Event "45th Olympiad 2024"]
[Site "Budapest HUN"]
[Date "2024.09.11"]
[Round "1.21"]
[Board "3"]
[White "Frick, Renato"]
[Black "Tran, Tuan Minh"]
[Result "0-1"]
[BlackTitle "GM"]
[WhiteElo "1925"]
[BlackElo "2434"]
[WhiteTeam "Liechtenstein"]
[BlackTeam "Vietnam"]
[WhiteFideId "12000027"]
[BlackFideId "12401820"]
[EventDate "2024.09.11"]

1. e4 c5 2. Nf3 Nc6 3. d4 cxd4 4. Nxd4 Nf6 5. Nc3 d6 6. Be2 Bd7 7. Be3 Nxd4 8.
Qxd4 e5 9. Qd3 Be7 10. O-O h6 11. Rfd1 Bc6 12. Bf3 O-O 13. a4 a6 14. a5 Rc8 15.
Na4 d5 16. exd5 e4 17. Bxe4 Bb5 18. Qd4 Rc4 0-1

[Event "45th Olympiad 2024"]
[Site "Budapest HUN"]
[Date "2024.09.11"]
[Round "1.21"]
[Board "4"]
[White "Banh Gia Huy"]
[Black "Schadler, Martin"]
[Result "1-0"]
[WhiteTitle "FM"]
[WhiteElo "2425"]
[BlackElo "1891"]
[WhiteTeam "Vietnam"]
[BlackTeam "Liechtenstein"]
[WhiteFideId "12424714"]
[BlackFideId "12000019"]
[EventDate "2024.09.11"]

1. c4 Nf6 2. g3 g6 3. Bg2 d6 4. d4 Bg7 5. Nf3 O-O 6. Nc3 Nbd7 7. O-O c6 8. e4 e5
9. h3 Qc7 10. Re1 a6 11. Be3 Rb8 12. c5 dxc5 13. dxe5 Ne8 14. e6 fxe6 15. Ng5
Ne5 16. Bxc5 Bf6 17. Bxf8 Bxg5 18. Bc5 Be7 19. Bxe7 Qxe7 20. Qd4 Qf6 21. Rad1
Nf3+ 22. Bxf3 Qxf3 23. Qe5 1-0

[Event "45th Olympiad 2024"]
[Site "Budapest HUN"]
[Date "2024.09.11"]
[Round "1.22"]
[Board "1"]
[White "Yilmaz, Mustafa"]
[Black "Almedina Ortiz, Edgardo J."]
[Result "1-0"]
[WhiteTitle "GM"]
[BlackTitle "FM"]
[WhiteElo "2587"]
[BlackElo "2196"]
[WhiteTeam "Turkiye"]
[BlackTeam "Puerto Rico"]
[WhiteFideId "6302718"]
[BlackFideId "3100197"]
[EventDate "2024.09.11"]

1. d4 d5 2. c4 e6 3. Nf3 a6 4. cxd5 exd5 5. Nc3 c6 6. Qb3 Bd6 7. Bg5 Nf6 8. e3
O-O 9. Bd3 a5 10. O-O Na6 11. Rac1 Nc7 12. Bh4 Ne6 13. Na4 Be7 14. Nb6 Rb8 15.
Ne5 Ne4 16. Bxe7 Qxe7 17. Bxe4 dxe4 18. Qa3 Qd8 19. Qxa5 Ng5 20. Nec4 f6 21.
Nxc8 Qxc8 22. Qb4 Qg4 23. Qd6 Rbd8 24. Qg3 Qh5 25. Rc2 f5 26. Ne5 Rd6 27. h4 Ne6
28. Ng6 f4 29. Nxf4 Nxf4 30. exf4 Rg6 31. Qb3+ Kh8 32. Qh3 Rg4 33. Rc5 Rf5 34.
g3 Rxc5 35. dxc5 Qf5 36. Re1 Qxf4 37. Re3 h5 38. b4 Qf6 39. a3 Qd4 40. Qf1 Kh7
41. Qb1 g5 42. hxg5 h4 43. Qb3 Rxg5 44. Qf7+ Qg7 45. Qxg7+ Rxg7 46. Rxe4 hxg3
47. f3 Rd7 48. Kg2 Rd3 49. Re7+ Kg6 50. a4 1-0

[Event "45th Olympiad 2024"]
[Site "Budapest HUN"]
[Date "2024.09.11"]
[Round "1.22"]
[Board "2"]
[White "Rodriguez Santiago, Jaime"]
[Black "Gurel, Ediz"]
[Result "0-1"]
[WhiteTitle "FM"]
[BlackTitle "GM"]
[WhiteElo "2002"]
[BlackElo "2602"]
[WhiteTeam "Puerto Rico"]
[BlackTeam "Turkiye"]
[WhiteFideId "3100898"]
[BlackFideId "44507356"]
[EventDate "2024.09.11"]

1. d4 Nf6 2. c4 e6 3. Nf3 d5 4. Nc3 c6 5. e3 Bd6 6. Qc2 Nbd7 7. Bd3 dxc4 8. Bxc4
e5 9. dxe5 Nxe5 10. Nxe5 Bxe5 11. h3 O-O 12. O-O Qe7 13. Bd2 Be6 14. Bxe6 Qxe6
15. a3 Rfe8 16. Rfe1 Rad8 17. Rad1 h6 18. Re2 Qc4 19. Be1 b5 20. Rxd8 Rxd8 21.
Rd2 Rb8 22. Nd1 Qe6 23. b4 Rc8 24. Rd3 Ne4 25. f3 Nd6 26. Qc5 a6 27. Bc3 Bg3 28.
Rd4 Nf5 29. Rd3 Qg6 30. e4 Nh4 31. Qd4 Bh2+ 32. Kf1 Qxg2+ 33. Ke1 f6 34. Qe3
Bg3+ 35. Nf2 Qg1+ 36. Ke2 Ng2 0-1

[Event "45th Olympiad 2024"]
[Site "Budapest HUN"]
[Date "2024.09.11"]
[Round "1.22"]
[Board "3"]
[White "Erdogmus, Yagiz Kaan"]
[Black "Zilleruelo Irizarry, Diego"]
[Result "1-0"]
[WhiteTitle "GM"]
[BlackTitle "CM"]
[WhiteElo "2592"]
[BlackElo "2041"]
[WhiteTeam "Turkiye"]
[BlackTeam "Puerto Rico"]
[WhiteFideId "44599790"]
[BlackFideId "3101460"]
[EventDate "2024.09.11"]

1. e4 c6 2. d4 d5 3. e5 Bf5 4. Nd2 e6 5. Nb3 Nd7 6. Nf3 Ne7 7. Be2 Nc8 8. O-O
Be7 9. a4 O-O 10. a5 a6 11. Be3 Na7 12. Nfd2 f6 13. f4 fxe5 14. dxe5 c5 15. g4
Bg6 16. Nf3 Nc6 17. c3 Kh8 18. Kg2 Qe8 19. h4 c4 20. Nbd4 Nxd4 21. cxd4 Be4 22.
Kg3 h6 23. h5 Qd8 24. Bd2 b5 25. axb6 Qxb6 26. Bc3 Rfb8 27. Nh4 Nf8 28. Qd2 a5
29. Ra4 Bb4 30. f5 exf5 31. gxf5 Bxc3 32. bxc3 Qb2 33. Qxb2 Rxb2 34. Bf3 Bxf3
35. Rxf3 Nh7 36. Ng6+ Kg8 37. Ne7+ Kh8 38. Nxd5 Ng5 39. Re3 Rf8 40. e6 Re8 41.
Rxa5 1-0

[Event "45th Olympiad 2024"]
[Site "Budapest HUN"]
[Date "2024.09.11"]
[Round "1.22"]
[Board "4"]
[White "Boggiano Pereira, Miguel A."]
[Black "Can, Emre"]
[Result "0-1"]
[WhiteTitle "CM"]
[BlackTitle "GM"]
[WhiteElo "2015"]
[BlackElo "2547"]
[WhiteTeam "Puerto Rico"]
[BlackTeam "Turkiye"]
[WhiteFideId "3102750"]
[BlackFideId "6302181"]
[EventDate "2024.09.11"]

1. d4 Nf6 2. c4 e6 3. Nf3 d5 4. Nc3 Bb4 5. cxd5 exd5 6. Bg5 Nbd7 7. Qc2 h6 8.
Bh4 g5 9. Bg3 Ne4 10. Be5 Nxe5 11. Nxe5 Qe7 12. e3 Bf5 13. Qb3 O-O 14. a3 Bxc3+
15. bxc3 c5 16. Be2 Rac8 17. Bf3 c4 18. Qb2 f6 19. Ng4 Kg7 20. h3 Rc6 21. O-O
Rb6 22. Qc1 h5 23. Nh2 Rb3 24. Bxe4 Qxe4 25. Rd1 Qc2 26. Qxc2 Bxc2 27. Rdc1 Bd3
28. a4 Re8 29. Ra2 Re6 30. Nf3 Reb6 31. Nd2 Rb2 32. Rca1 a5 33. f3 Kf7 34. e4
Ke6 35. Kf2 dxe4 36. fxe4 Bxe4 37. Ke3 Bd3 38. Ne4 Bxe4 39. Kxe4 f5+ 0-1

[Event "45th Olympiad 2024"]
[Site "Budapest HUN"]
[Date "2024.09.11"]
[Round "1.23"]
[Board "1"]
[White "Oatlhotse, Providence"]
[Black "Theodorou, Nikolas"]
[Result "0-1"]
[WhiteTitle "IM"]
[BlackTitle "GM"]
[WhiteElo "2239"]
[BlackElo "2619"]
[WhiteTeam "Botswana"]
[BlackTeam "Greece"]
[WhiteFideId "11300507"]
[BlackFideId "4262875"]
[EventDate "2024.09.11"]

1. d4 Nf6 2. c4 g6 3. Nc3 Bg7 4. e4 d6 5. h3 O-O 6. Be3 a5 7. Qd2 a4 8. Nf3 a3
9. b4 c5 10. bxc5 dxc5 11. Be2 Qa5 12. O-O cxd4 13. Nxd4 Rd8 14. Qc2 Na6 15.
Rfd1 Bd7 16. Rab1 Bc6 17. Ndb5 Rxd1+ 18. Rxd1 e6 19. Bd2 Nc5 20. e5 Nfd7 21. f4
Qd8 22. Be3 Qh4 23. Bf1 g5 24. fxg5 Bxe5 25. Qf2 Bg3 26. Qe2 Bf4 27. Bxf4 Qxf4
28. Rd4 Qc1 29. Qd2 Qxd2 30. Rxd2 Kg7 31. Rd1 Ne5 32. Kf2 Kg6 33. h4 h6 34. gxh6
Ng4+ 35. Kg3 Nxh6 36. Kf4 Nf5 37. g3 e5+ 38. Kxe5 Re8+ 39. Kf4 Ne6+ 40. Kg4 Ne3+
41. Kh3 Ng5+ 42. Kh2 Nf3+ 43. Kh3 Nxd1 44. Nxd1 Re1 45. Bd3+ f5 46. Nf2 Ne5 47.
Bc2 Rf1 48. g4 Rxf2 49. Bxf5+ Kg7 50. Nd4 Rxa2 51. Ne6+ Kg8 52. h5 Ra1 53. Nd4
Rh1+ 54. Kg3 a2 55. Be6+ Kh8 56. Nc2 Rc1 0-1

[Event "45th Olympiad 2024"]
[Site "Budapest HUN"]
[Date "2024.09.11"]
[Round "1.23"]
[Board "2"]
[White "Kourkoulos-Arditis, Stamatis"]
[Black "Notha, Moakofi"]
[Result "1-0"]
[WhiteTitle "GM"]
[WhiteElo "2570"]
[BlackElo "1996"]
[WhiteTeam "Greece"]
[BlackTeam "Botswana"]
[WhiteFideId "4221990"]
[BlackFideId "11300710"]
[EventDate "2024.09.11"]

1. e4 e5 2. Nf3 Nc6 3. Bc4 Bc5 4. d3 d6 5. c3 Nf6 6. O-O a6 7. Bb3 Ba7 8. Nbd2
O-O 9. h3 Ne7 10. Re1 Ng6 11. Nf1 h6 12. Ng3 Be6 13. Bc2 Qc8 14. d4 c5 15. Be3
b5 16. a4 Rd8 17. d5 Bd7 18. axb5 axb5 19. Qd2 Qb7 20. Bxh6 gxh6 21. Qxh6 Bc8
22. Nf5 Ne8 23. Ng5 Nf8 24. Re3 Bxf5 25. exf5 f6 26. Ne6 Nh7 27. Rg3+ Kh8 28.
Nf8 c4 29. Ng6+ Kg8 30. Ne7+ Kf7 31. Qxh7+ Ng7 32. Rxg7+ Ke8 33. Qg8+ Kd7 34.
Nc6+ Kc8 35. Qxd8# 1-0

[Event "45th Olympiad 2024"]
[Site "Budapest HUN"]
[Date "2024.09.11"]
[Round "1.23"]
[Board "3"]
[White "Monnaatsheko, Keletshabile"]
[Black "Papaioannou, Ioannis"]
[Result "0-1"]
[BlackTitle "GM"]
[WhiteElo "2064"]
[BlackElo "2615"]
[WhiteTeam "Botswana"]
[BlackTeam "Greece"]
[WhiteFideId "11302941"]
[BlackFideId "4201345"]
[EventDate "2024.09.11"]

1. Nf3 Nf6 2. b3 d5 3. Bb2 Bf5 4. Nh4 Bc8 5. Nf3 Bg4 6. h3 Bxf3 7. exf3 e6 8. f4
Bd6 9. Qf3 O-O 10. Nc3 Nc6 11. O-O-O Nd4 12. Qd3 c5 13. g3 a6 14. Bg2 b5 15.
Rde1 Rc8 16. Kb1 b4 17. Nd1 Nb5 18. Ne3 Nd7 19. Qe2 c4 20. bxc4 Na3+ 21. Ka1
Nxc4 22. Nxc4 dxc4 23. Rb1 Qa5 24. Qe3 c3 25. dxc3 bxc3 26. Bc1 Rb8 27. Rb3 Nc5
28. Be4 Be7 29. Bd3 Bf6 30. Kb1 Rfd8 31. Rd1 Nxb3 0-1

[Event "45th Olympiad 2024"]
[Site "Budapest HUN"]
[Date "2024.09.11"]
[Round "1.23"]
[Board "4"]
[White "Kelires, Andreas"]
[Black "Oratile, Kgotlane"]
[Result "1-0"]
[WhiteTitle "GM"]
[WhiteElo "2536"]
[BlackElo "1975"]
[WhiteTeam "Greece"]
[BlackTeam "Botswana"]
[WhiteFideId "5900727"]
[BlackFideId "11306351"]
[EventDate "2024.09.11"]

1. Nf3 Nf6 2. d4 g6 3. Nbd2 Bg7 4. e4 d6 5. Bb5+ c6 6. Bd3 O-O 7. O-O c5 8. c3
Nc6 9. d5 Nb8 10. Nc4 b5 11. Ne3 Bb7 12. Re1 Qb6 13. c4 bxc4 14. Nxc4 Qc7 15.
Bd2 Nbd7 16. h3 Nb6 17. Rc1 Nxc4 18. Bxc4 a5 19. Qe2 Qb6 20. Bc3 Rfb8 21. Rcd1
Ba6 22. e5 Ne8 23. Bxa6 Qxa6 24. Qe4 dxe5 25. Nxe5 Nf6 26. Qf3 Re8 27. Nc6 Qb7
28. Nxa5 Qd7 29. a3 Nh5 30. Nc6 Bxc3 31. Qxc3 Qd6 32. Ne5 Rad8 33. g3 f5 34. Nc4
Qa6 35. d6 Nf6 36. dxe7 Rxd1 37. Rxd1 Ne4 38. Qd3 Rxe7 39. Qd8+ Kf7 40. b3 Qe6
41. Qh8 h5 42. f4 Qa6 43. Rd8 Qb7 44. Ne5+ Ke6 45. Qg8+ Rf7 46. Re8+ 1-0

[Event "45th Olympiad 2024"]
[Site "Budapest HUN"]
[Date "2024.09.11"]
[Round "1.24"]
[Board "1"]
[White "Cheparinov, Ivan"]
[Black "Mafaaz Khalid"]
[Result "1-0"]
[WhiteTitle "GM"]
[WhiteElo "2628"]
[BlackElo "2069"]
[WhiteTeam "Bulgaria"]
[BlackTeam "Pakistan"]
[WhiteFideId "2905540"]
[BlackFideId "7818424"]
[EventDate "2024.09.11"]

1. e4 e5 2. Nf3 Nc6 3. Bb5 Nf6 4. d3 Bc5 5. c3 d6 6. O-O O-O 7. Nbd2 a6 8. Ba4
b5 9. Bc2 a5 10. a4 b4 11. Bb3 Rb8 12. Bc4 Be6 13. Bxe6 fxe6 14. Nc4 Qe8 15. Re1
Qh5 16. Be3 Bxe3 17. Nxe3 Qg6 18. g3 Nd7 19. Nc4 bxc3 20. bxc3 Qf7 21. Ncd2 Nc5
22. Qe2 Rb2 23. Qe3 h6 24. Ra3 Rfb8 25. Kg2 Qf8 26. d4 Nd7 27. Nc4 d5 28. Nxb2
Qxa3 29. Nd3 exd4 30. cxd4 Rb3 31. exd5 Rxd3 32. Qxe6+ Kh8 33. dxc6 Nf8 34. Qf7 1-0

[Event "45th Olympiad 2024"]
[Site "Budapest HUN"]
[Date "2024.09.11"]
[Round "1.24"]
[Board "2"]
[White "Amer Karim"]
[Black "Petrov, Martin"]
[Result "1/2-1/2"]
[WhiteTitle "FM"]
[BlackTitle "GM"]
[WhiteElo "2081"]
[BlackElo "2536"]
[WhiteTeam "Pakistan"]
[BlackTeam "Bulgaria"]
[WhiteFideId "7800053"]
[BlackFideId "2911086"]
[EventDate "2024.09.11"]

1. d4 Nf6 2. c4 e6 3. Nf3 b6 4. g3 Bb4+ 5. Bd2 Be7 6. Bg2 c6 7. Nc3 d5 8. Bf4
O-O 9. O-O Bb7 10. Ne5 Nbd7 11. e4 Nxe5 12. dxe5 Nxe4 13. Nxe4 dxe4 14. Bxe4 Qc7
15. Qf3 Rab8 16. Rfd1 c5 17. Bxb7 Qxb7 18. Qxb7 Rxb7 19. Rd2 Rd8 20. Rxd8+ Bxd8
21. Rd1 Be7 22. Kg2 Kf8 23. Kf3 Ke8 24. Ke4 b5 25. cxb5 Rxb5 26. Rd2 Rb4+ 27.
Kf3 g5 28. Be3 g4+ 29. Kg2 Ra4 30. b3 Re4 31. Bf4 h5 32. h3 Rb4 33. hxg4 hxg4
34. Kf1 c4 35. bxc4 Rxc4 36. Rb2 Bc5 37. Rd2 Bb6 38. Ke2 Rc3 39. Kf1 Kf8 40. Re2
Ra3 41. Bc1 Ra4 42. Be3 Bxe3 43. Rxe3 Kg7 44. a3 Kg6 45. Rb3 Re4 46. Rb5 Ra4 47.
Rb3 a5 48. Rc3 Rd4 49. Rc5 Ra4 50. Rc3 Re4 51. Rc5 Ra4 52. Rc3 Re4 53. Rc5 Ra4
54. Rc3 Rd4 55. Rc5 Ra4 1/2-1/2